Statistiques concernant Anciens drapeaux #2

Cliquez ici pour prendre le quiz!

Statistiques générales

  • Ce quiz a été pris 43 fois
  • Le résultat moyen est 10 sur 16

Statistiques - réponses

Réponse% Correct
États-Unis d'Amérique
92%
Dynastie Qing
84%
Saint-Empire romain germanique
84%
Croatie-Slavonie
79%
Autriche-Hongrie
74%
Éthiopie
74%
Libye
74%
Almoravide
71%
Empire Ottoman
61%
Siam
58%
Empire du Mali
55%
Égypte
53%
Vietnam
53%
Royaume du Kongo
37%
Achéménide
34%
Royaume de France
34%

Distribution des résultats

Percentile par nombre de réponses

% des personnes avec chaque résultat

Votre développement - résultats

Vous n’avez pas pris ce quiz